|
|
|
|
| LEADER |
01028nam a2200241 i 4500 |
| 001 |
c000339318 |
| 003 |
CARM |
| 005 |
00000000000000.0 |
| 008 |
800818s1976 rur b 00000 rus d |
| 019 |
1 |
|
|a 2543699
|z 27039555
|5 LACONCORD2021
|
| 035 |
|
|
|a (OCoLC)3308911
|5 LACONCORD2021
|
| 245 |
0 |
0 |
|a Print︠s︡ipy i metody semanticheskikh issledovaniĭ /
|c [V.N. I︠A︡rt︠s︡eva (otv. redaktor)].
|
| 260 |
|
|
|a Moskva :
|b Nauka,
|c 1976.
|
| 300 |
|
|
|a 377p. ;
|c 23cm.
|
| 500 |
|
|
|a At head of title: Akademii︠a︡ nauk SSSR. Institut i︠a︡zykoznanii︠a︡.
|
| 504 |
|
|
|a Includes bibliographies.
|
| 650 |
|
0 |
|a Semantics.
|
| 700 |
1 |
|
|a I︠A︡rt︠s︡eva, V. N.
|q (Viktorii︠a︡ Nikolaevna)
|
| 710 |
2 |
|
|a Institut i︠a︡zykoznanii︠a︡ (Akademii︠a︡ nauk SSSR)
|
| 852 |
8 |
|
|b CARM
|h A1:AP21G0
|i B07912
|p 0351832
|f BK
|
| 082 |
0 |
4 |
|a 410
|
| 999 |
f |
f |
|i 35e207a0-9bb5-5f82-a497-675863a7a4bb
|s ca3c6540-b96e-5309-bdf9-36c905b3a57b
|
| 952 |
f |
f |
|p Can circulate
|a CAVAL
|b CAVAL
|c CAVAL
|d CARM 1 Store
|e B07912
|f A1:AP21G0
|h Other scheme
|i book
|m 0351832
|